| 000 | 01188nam a2200301Ia 4500 | ||
|---|---|---|---|
| 000 | nam a22 i 4500 | ||
| 001 | UNACH-14322 | ||
| 007 | ta | ||
| 008 | 221212s ||||fr|||| 00| | spa d | ||
| 020 | _a978-6-07-050673-4 | ||
| 041 | 0 | _aspa | |
| 082 | 0 | 4 |
_a720.472 _bRecursos energéticos, Energía solar - Arquitectura |
| 100 | 1 |
_aEnriquez Harper, Gilberto, _eautor |
|
| 245 | 1 | 0 | _aInstalaciones y sistemas fotovoltaicos |
| 264 | 3 | 1 |
_a[México] : _aMéxico : _bLimusa Noriega Editores, _c2014 |
| 300 |
_a334 páginas : _bgráficos, tablas |
||
| 336 |
_atexto _btxt _2rdacontent |
||
| 337 |
_ano mediado _bn _2rdamedia |
||
| 338 |
_avolumen _bnc _2rdacarrier |
||
| 504 | _aIncluye Bibliografía, Contenido. | ||
| 505 | 0 | _aFundamentos de energía solar.-- Aplicaciones de los sistemas fotovoltaicos y conceptos básicos de circuitos.-- Las componentes básicas de los sistemas fotovoltaicos aislados en corriente directa.-- los sistemas fotovoltaicos aislados y conectados a la red eléctrica en corriente alterna | |
| 650 | 1 | 4 | _aENERGÍA ELÉCTRICA |
| 650 | 2 | 4 | _aMEDIO AMBIENTE |
| 650 | 2 | 4 | _aREDES ELÉCTRICAS |
| 653 | 0 | _aInstalaciones | |
| 942 |
_2ddc _c1 _n0 |
||
| 999 |
_c10841 _d10841 |
||